00677nam a22001937a 4500003000900000008004100009020001800050040007100068082002000139100002000159245007000179260004300249300005100292440004000343505002500383650002400408650001300432700003800445AR-CdUCM190328b ||||| |||| 00| 0 eng d a84-204-5839-2 aMUNICIPALIDAD PROVINCIAL DEL CUSCOcBIBLIOTECA MUNICIPAL DEL CUSCO aPI / 803 /bR47 aReyes, Yolanda. aLos agujeros negros :bDerecho a recibir auxilio y protección / aEspaña :bAlfaguara,bUnicef,c2000. a31 páginas ;bilustraciones a color,c28 cm. aColección derechos del niño.n8 aContenido : Cuentos. aCuentos infantiles. aSiglo XX aLópez, Cristina (ilustraciones)